[Event "24th Abu Dhabi Masters"]
[Site "Abu Dhabi UAE"]
[Date "2017.08.22"]
[Round "9.43"]
[White "Prieto Aranguren, Alain"]
[Black "Kulkarni, Vinayak"]
[Result "0-1"]
[WhiteElo "2286"]
[BlackElo "2204"]
[WhiteFideId "2268906"]
[BlackFideId "5021332"]
[EventDate "2017.08.14"]

1. d4 d5 2. c4 c6 3. Nc3 Nf6 4. e3 a6 5. Nf3 b5 6. b3 e6 7. Bd3 Bd6 8. O-O Nbd7
9. Qe2 O-O 10. e4 dxc4 11. bxc4 e5 12. cxb5 axb5 13. d5 cxd5 14. exd5 b4 15. Nb5
Nc5 16. Nxd6 Qxd6 17. Bc4 e4 18. Nd4 Nxd5 19. Nb5 Qc6 20. Bxd5 Qxd5 21. Nc7 Qe5
22. Nxa8 Qxa1 23. Be3 Qe5 24. Qc2 Nd3 25. Nb6 Be6 26. f3 Rb8 27. fxe4 Qxe4 28.
Rf3 f5 29. Qc7 Qe5 30. Qa7 f4 31. Nd7 Bxd7 32. Qxd7 Ne1 33. Bd4 Nxf3+ 34. gxf3
Qg5+ 35. Kf1 Qb5+ 0-1

[Event "24th Abu Dhabi Masters"]
[Site "Abu Dhabi UAE"]
[Date "2017.08.22"]
[Round "9.44"]
[White "Srija, Seshadri"]
[Black "Rayes, Abdul Kader"]
[Result "1/2-1/2"]
[WhiteTitle "WFM"]
[WhiteElo "2167"]
[BlackElo "2259"]
[WhiteFideId "5055903"]
[BlackFideId "7600801"]
[EventDate "2017.08.14"]

1. e4 e5 2. Nf3 Nc6 3. Bb5 Nf6 4. d3 d6 5. c3 g6 6. O-O Bg7 7. Re1 O-O 8. Nbd2
Bd7 9. Ba4 Qe8 10. Bb3 Kh8 11. Nc4 Nh5 12. d4 Bg4 13. dxe5 Nxe5 14. Ncxe5 dxe5
15. h3 Rd8 16. Qe2 Be6 17. g4 Nf6 18. Bg5 a6 19. Qe3 Rd6 20. Bc2 Ng8 21. Qc5 f6
22. Be3 Qc8 23. Nh4 Rfd8 24. Qa3 Nh6 25. Bb3 Bxg4 26. hxg4 Qxg4+ 27. Ng2 Qh5 28.
Qc5 Ng4 29. Red1 Qh2+ 30. Kf1 Rxd1+ 31. Rxd1 Rxd1+ 32. Bxd1 Qh1+ 33. Ke2 Qxg2
34. Qxc7 h5 35. Qc8+ Kh7 36. Qxb7 h4 37. Bc5 Nxf2 38. Bxf2 h3 39. Ke3 h2 40. Bf3
Qxf3+ 41. Kxf3 h1=Q+ 42. Ke2 f5 43. Qd5 fxe4 44. Qf7 Qh3 45. Be3 Qg4+ 46. Kd2
Qg2+ 47. Qf2 Qxf2+ 48. Bxf2 Bh6+ 49. Ke2 Kg7 50. Be3 Bf4 51. b4 Kf7 52. a4 Ke6
53. c4 g5 54. b5 axb5 55. axb5 Bxe3 56. Kxe3 g4 57. Kxe4 Kd6 58. b6 Kc6 59. c5
Kb7 60. Ke3 Kc6 61. Ke4 Kb7 62. Ke3 Kc6 63. Ke4 1/2-1/2

[Event "24th Abu Dhabi Masters"]
[Site "Abu Dhabi UAE"]
[Date "2017.08.22"]
[Round "9.46"]
[White "Pratyusha, Bodda"]
[Black "Eynullayev, Altay"]
[Result "1/2-1/2"]
[WhiteTitle "WIM"]
[BlackTitle "FM"]
[WhiteElo "2171"]
[BlackElo "2255"]
[WhiteFideId "5000629"]
[BlackFideId "13413562"]
[EventDate "2017.08.14"]

1. d4 Nf6 2. c4 g6 3. Nc3 d5 4. cxd5 Nxd5 5. e4 Nxc3 6. bxc3 Bg7 7. Nf3 c5 8.
Be3 Bg4 9. Qd2 cxd4 10. cxd4 Nc6 11. Rd1 O-O 12. Be2 Rc8 13. O-O Bxf3 14. Bxf3
Na5 15. Bh6 Bxh6 16. Qxh6 Rc2 17. e5 Nc6 18. Bxc6 Rxc6 19. d5 Rb6 20. Rd3 g5 21.
d6 f6 22. Rfd1 exd6 23. exd6 Rf7 24. h4 gxh4 25. d7 Re6 26. Qxh4 Ree7 27. Qc4 b6
28. Rd6 Kg7 29. R1d3 Kh8 30. Rc6 Re1+ 31. Kh2 Rxd7 32. Rf3 Rd4 33. Qc3 Qb8+ 34.
g3 Qe5 35. Rc8+ Kg7 36. Rc7+ Kg6 37. Kg2 Rdd1 38. Qxe5 Rxe5 39. Rxa7 Ra5 40.
Rxa5 1/2-1/2

[Event "24th Abu Dhabi Masters"]
[Site "Abu Dhabi UAE"]
[Date "2017.08.22"]
[Round "9.47"]
[White "Gurpreet, Singh Maras"]
[Black "Nandhidhaa, PV"]
[Result "1-0"]
[BlackTitle "WIM"]
[WhiteElo "2247"]
[BlackElo "2182"]
[WhiteFideId "5014433"]
[BlackFideId "5050847"]
[EventDate "2017.08.14"]

1. d4 d5 2. c4 e6 3. Nc3 Nf6 4. Bg5 Be7 5. cxd5 exd5 6. e3 c6 7. Bd3 Nbd7 8. Qc2
O-O 9. Nf3 Re8 10. O-O h6 11. Bh4 Ne4 12. Bxe7 Qxe7 13. Bxe4 dxe4 14. Nd2 Nf6
15. Rab1 Bf5 16. b4 Rac8 17. Rfc1 a6 18. a4 h5 19. b5 axb5 20. axb5 c5 21. dxc5
Qxc5 22. Qb2 Qd6 23. Ne2 Ng4 24. Nf1 Ne5 25. Nfg3 Bg6 26. Rxc8 Rxc8 27. Qd4 Qe6
28. Nf4 Qa2 29. Rf1 Re8 30. Nxg6 Nxg6 31. Nxh5 Re5 32. Nf4 Rxb5 33. Nxg6 fxg6
34. Qxe4 Kh7 35. g3 Rb2 36. h4 Kh6 37. Kg2 b5 38. g4 Qf7 39. g5+ Kh5 40. Kg3 Qf5
41. f3 Qxe4 42. fxe4 Re2 43. Rf8 Rxe3+ 44. Kf4 1-0

[Event "24th Abu Dhabi Masters"]
[Site "Abu Dhabi UAE"]
[Date "2017.08.22"]
[Round "9.48"]
[White "Hari, Madhavan N B"]
[Black "Hakobyan, Eduard"]
[Result "0-1"]
[WhiteElo "2246"]
[BlackElo "2164"]
[WhiteFideId "25054309"]
[BlackFideId "13310860"]
[EventDate "2017.08.14"]

1. d4 Nf6 2. Nf3 e6 3. c4 c5 4. Nc3 cxd4 5. Nxd4 a6 6. g3 Qc7 7. Qa4 Bc5 8. Nf3
O-O 9. Bg2 d6 10. O-O Bd7 11. Qd1 Bc6 12. a3 Nbd7 13. b4 Ba7 14. b5 Bxf3 15.
Bxf3 Qxc4 16. Bb2 d5 17. Rc1 Qd4 18. Qb3 Qb6 19. Bg2 d4 20. Na2 axb5 21. Rcd1 e5
22. Nb4 Nc5 23. Qa2 Na4 24. Nd5 Nxd5 25. Bxd5 Nxb2 26. Qxb2 Bb8 27. Rb1 Ra5 28.
Qb3 Bd6 29. a4 b4 30. Rfc1 Rc5 31. Rxc5 Qxc5 32. Bxb7 g6 33. Qa2 Bc7 34. Qb2 Ba5
35. Rc1 Qe7 36. Bd5 Kg7 37. Qc2 Rb8 38. Bb3 Rb7 39. Qc5 Bd8 40. Qxe7 Rxe7 41.
Rc4 Rb7 42. Rc5 Rc7 43. Rxe5 Rc3 44. Rd5 Bf6 45. Ba2 b3 46. Bxb3 Rxb3 47. Kg2
Kf8 48. Rc5 Ra3 49. a5 Bd8 50. Rd5 Bf6 51. Rb5 Bd8 52. Rd5 Bxa5 53. Rxd4 Ke7 54.
Re4+ Kd6 55. Rd4+ Ke5 56. Rd7 Ke6 57. Rb7 Rc3 58. Ra7 Bc7 59. Ra8 h5 60. Re8+
Kf6 61. Ra8 Kg7 62. Ra2 Rc6 63. Ra8 Rf6 64. Ra2 Bb6 65. e3 Rd6 66. Kh3 g5 67.
Kg2 g4 68. h3 Kg6 69. hxg4 hxg4 70. Ra4 Kg5 71. Rb4 Bc5 72. Rf4 Rf6 73. Rc4 Rf5
74. Ra4 Bb6 75. Rb4 Ba5 76. Rb8 Be1 77. Rg8+ Kf6 78. Rxg4 Rxf2+ 79. Kg1 Rf3 0-1

[Event "24th Abu Dhabi Masters"]
[Site "Abu Dhabi UAE"]
[Date "2017.08.22"]
[Round "9.49"]
[White "Patil, Pratik"]
[Black "Chitlange, Sakshi"]
[Result "0-1"]
[BlackTitle "WIM"]
[WhiteElo "2246"]
[BlackElo "2073"]
[WhiteFideId "5038758"]
[BlackFideId "35002899"]
[EventDate "2017.08.14"]

1. e4 c6 2. d4 d5 3. e5 Bf5 4. Nf3 e6 5. Be2 Nd7 6. O-O h6 7. Nbd2 Ne7 8. Nb3
Qc7 9. Be3 g5 10. a4 Bg7 11. a5 f6 12. exf6 Bxf6 13. Ne1 O-O-O 14. Nd3 Qd6 15.
Nbc5 Rdg8 16. Qd2 Bxd3 17. Qxd3 a6 18. b4 h5 19. Ra3 e5 20. Nxd7 Qxd7 21. dxe5
Bxe5 22. Rd1 Qe6 23. c4 Rd8 24. Bxg5 dxc4 25. Qe3 Rxd1+ 26. Bxd1 Nd5 27. Qe2 Qf5
28. h4 c3 29. Bc2 Qe6 30. Qe4 Qd6 31. Ra1 Kb8 32. Re1 Bg7 33. Bb3 Bf6 34. Bc1
Ka8 35. Rd1 Rd8 36. Qf5 Qe5 37. Qh3 Re8 38. Qd7 Rd8 39. Qf7 Bxh4 40. b5 axb5 41.
a6 bxa6 42. Bxd5 Rxd5 43. Qf8+ Kb7 44. Rxd5 Qxd5 45. Bf4 Bd8 46. Qg7+ Kc8 47.
Qxc3 a5 48. Qe3 Kb7 49. Qc3 b4 50. Qg7+ Ka6 51. Be3 Bb6 52. Bxb6 Kxb6 53. f4 b3
54. Kh2 a4 55. Qc3 Qc5 56. Qh8 Qd6 57. g3 a3 58. Qc3 b2 59. Qb3+ Ka5 60. Qb7 Qb4
61. Qa7+ Kb5 62. Qb7+ Kc5 63. Qe7+ Kc4 64. Qe4+ Kb3 0-1

[Event "24th Abu Dhabi Masters"]
[Site "Abu Dhabi UAE"]
[Date "2017.08.22"]
[Round "9.50"]
[White "Chifor, Ovidiu-Emanuel"]
[Black "Harshal, Shahi"]
[Result "1-0"]
[BlackTitle "FM"]
[WhiteElo "2245"]
[BlackElo "2130"]
[WhiteFideId "1215400"]
[BlackFideId "5048257"]
[EventDate "2017.08.14"]

1. d4 d5 2. Nf3 Nf6 3. Bf4 c5 4. e3 Nc6 5. c3 Qb6 6. Qb3 c4 7. Qc2 Bf5 8. Qc1 h6
9. Be2 e6 10. Nbd2 Qa5 11. Ne5 Nxe5 12. Bxe5 Be7 13. O-O O-O 14. Bxf6 Bxf6 15.
e4 Bxe4 16. Nxe4 dxe4 17. Bxc4 Rac8 18. Bb3 Bxd4 19. Qe1 Bf6 20. Qxe4 Qb6 21.
Rfd1 Rfd8 22. g3 Qc6 23. Qxc6 bxc6 24. Kf1 Kf8 25. Ba4 Ke7 26. Ke2 Rb8 27. Rxd8
Kxd8 28. Rd1+ Kc7 29. Rd2 Rh8 30. a3 Rd8 31. Rxd8 Bxd8 32. h4 Kd6 33. h5 Bg5 34.
Kd3 Bd8 35. Bc2 Bb6 36. Ke2 Bd8 37. Bh7 Bb6 38. Bg8 Ke7 39. Bh7 Kd6 40. Be4 Bd8
41. Kd3 Bb6 42. Ke2 Bd8 43. g4 Bb6 44. f3 Bd8 45. Kd3 Bg5 46. b4 Bf6 47. Kc4 Bd8
48. Bh7 Bb6 49. Kb3 Be3 50. Ka4 f6 51. Be4 Bc1 52. Bh7 Bb2 53. Kb3 Bc1 54. Bg8
e5 55. Bh7 Bd2 56. Bd3 Bc1 57. Be4 Bd2 58. Kc2 Be3 59. a4 Bf2 60. Kd2 c5 61. Ke2
Bg1 62. b5 c4 63. a5 Kc5 64. b6 Kd6 65. b7 Kc7 66. a6 Bc5 67. Bd5 Bd6 68. Ke3
Kd7 69. Ke4 Bb8 70. Bxc4 Kd6 71. Bb5 Bc7 72. Kf5 Ke7 73. Kg6 Kf8 74. Bc4 Bb8 75.
Bd5 Bc7 76. Bb3 Bb8 77. Bc2 Bc7 78. c4 Bb8 79. c5 Bc7 80. Kf5 Ke7 81. Ke4 Bb8
82. Kd5 Kd7 83. Bd3 Ke7 84. Bf5 Kd8 85. Ke6 e4 86. Bxe4 Be5 87. Kf7 Kc7 88. Bf5
Bf4 89. Kxg7 Bg5 90. Be4 Kb8 91. Kg6 Kc7 92. Kf5 Bh4 93. f4 Bg3 94. g5 fxg5 95.
fxg5 hxg5 96. h6 Be1 97. h7 Bc3 98. Kxg5 Bd4 99. Kf5 Bc3 100. Ke6 Bd4 101. b8=Q+
Kxb8 102. Kd7 Be5 103. c6 1-0

[Event "24th Abu Dhabi Masters"]
[Site "Abu Dhabi UAE"]
[Date "2017.08.22"]
[Round "9.51"]
[White "Senthil, Maran K"]
[Black "Manafov, Vugar"]
[Result "1-0"]
[WhiteElo "2124"]
[BlackElo "2240"]
[WhiteFideId "25035681"]
[BlackFideId "13410814"]
[EventDate "2017.08.14"]

1. d4 d5 2. Nf3 Nf6 3. c4 e6 4. g3 Bb4+ 5. Nbd2 dxc4 6. Qc2 a5 7. Qxc4 Bd7 8. a3
Bxd2+ 9. Bxd2 Bc6 10. Bg2 O-O 11. O-O Nbd7 12. Rac1 Qe7 13. b4 Nb6 14. Qc5 Qxc5
15. dxc5 Nbd7 16. bxa5 Ne4 17. Bb4 e5 18. Rfd1 Rad8 19. Nd2 Ndf6 20. Nc4 Rxd1+
21. Rxd1 Re8 22. f3 Ng5 23. h4 Ne6 24. Nxe5 Ba4 25. Rd2 Nxc5 26. Bxc5 Rxe5 27.
Bb4 c6 28. Rd8+ Re8 29. Rxe8+ Nxe8 30. Bh3 Bb5 31. Kf2 Nc7 32. Bc8 Ba6 33. Ke3
Ne6 34. Bd6 g6 35. g4 Kg7 36. Kd2 Kg8 37. e3 Ng7 38. Kc3 Ne6 39. Kb4 h6 40. f4
h5 41. f5 Ng7 42. f6 Ne6 43. g5 Nd8 44. Kc5 b6+ 45. Kxb6 Bxc8 46. Kc7 Nb7 47.
Bb4 c5 48. Kxc8 cxb4 49. axb4 Nd6+ 50. Kb8 Nb5 51. a6 Kh8 52. a7 Nxa7 53. Kxa7
Kg8 54. b5 Kh8 55. b6 Kg8 56. b7 Kh7 57. Kb6 Kh8 58. b8=Q+ Kh7 59. Qd6 1-0

[Event "24th Abu Dhabi Masters"]
[Site "Abu Dhabi UAE"]
[Date "2017.08.22"]
[Round "9.52"]
[White "Dileep, Kumar R"]
[Black "Al Hosani, Omran"]
[Result "1/2-1/2"]
[BlackTitle "CM"]
[WhiteElo "2234"]
[BlackElo "2012"]
[WhiteFideId "25014927"]
[BlackFideId "9308733"]
[EventDate "2017.08.14"]

1. e4 e5 2. Nf3 Nc6 3. Bb5 a6 4. Ba4 Nf6 5. O-O Be7 6. Re1 b5 7. Bb3 d6 8. c3
O-O 9. h3 Bb7 10. d3 Nb8 11. Nbd2 c5 12. Nf1 Nbd7 13. Ng3 Re8 14. Nf5 Bf8 15.
Bc2 d5 16. Nh2 dxe4 17. dxe4 c4 18. Ng4 Nc5 19. Qxd8 Rexd8 20. Bg5 Nxg4 21. Bxd8
Nxf2 22. Kxf2 Rxd8 23. Rad1 Rxd1 24. Rxd1 Nxe4+ 25. Kf1 g6 26. Rd7 Nc5 27. Ne7+
Kg7 28. Rc7 Be4 29. Bxe4 Nxe4 30. Ke2 a5 31. a3 Kf6 32. Nc6 Nc5 33. Nxa5 Na4 34.
Nc6 Nxb2 35. Nb4 Na4 36. Kd2 e4 37. Nd5+ Ke5 38. Ne3 Ke6 39. Rb7 Bxa3 40. Rxb5
Bb2 41. Nd1 e3+ 42. Nxe3 Bxc3+ 43. Kc2 Bd4 44. Nxc4 Nc5 45. Nd2 Nd7 46. Nf3 Bf6
47. Ng5+ Bxg5 48. Rxg5 h5 49. Ra5 Ne5 50. Kd1 Nd3 51. Ke2 Ne5 52. Ra4 Kf5 53.
Ke3 g5 54. g3 f6 55. Ra1 Nc4+ 56. Kd4 Nd2 57. Rd1 Nf3+ 58. Ke3 Ne5 59. Rf1+ Kg6
60. Ke4 Nc4 61. Rd1 Ne5 62. Rc1 Nf7 63. Kd5 f5 64. h4 gxh4 65. gxh4 Kf6 66. Rc6+
Kg7 67. Ra6 Nh8 68. Ra1 Ng6 69. Rh1 Kf6 70. Rh2 Nf4+ 71. Kd4 Ng6 72. Rh1 Ne5 73.
Ke3 Ng6 74. Kf3 f4 75. Ke4 Ke6 76. Rh2 Kf6 77. Rh1 Ke6 78. Ra1 Nxh4 79. Ra6+ Kf7
80. Kxf4 Ng2+ 81. Kg3 Ne3 82. Kh4 Ke7 83. Kxh5 Nd5 84. Kg5 Nc7 85. Rh6 Ne6+ 86.
Kf5 Nd4+ 87. Ke4 Ne6 88. Ke5 Nf8 89. Ra6 Nd7+ 90. Kd5 Nf6+ 91. Ke5 Nd7+ 92. Kf5
Nc5 93. Rc6 Nd7 94. Re6+ Kd8 95. Rh6 Kc7 96. Ke6 Nb6 97. Rh1 Kc6 98. Rc1+ Kb5
99. Rc7 Na4 100. Kd5 Nb6+ 101. Kd4 Na8 102. Rc5+ Kb6 103. Rh5 Nc7 104. Kc4 Kc6
105. Rh1 Kd6 106. Rd1+ Ke6 107. Re1+ Kd6 108. Rd1+ Ke6 109. Kc5 Na6+ 110. Kb6
Nb4 111. Re1+ Kf5 112. Rf1+ Ke4 113. Re1+ Kf5 114. Rd1 Ke4 115. Rh1 Nd3 1/2-1/2

[Event "24th Abu Dhabi Masters"]
[Site "Abu Dhabi UAE"]
[Date "2017.08.22"]
[Round "9.53"]
[White "Mrudul, Dehankar"]
[Black "Fadeev, Semen"]
[Result "1/2-1/2"]
[WhiteTitle "WCM"]
[WhiteElo "2155"]
[BlackElo "2161"]
[WhiteFideId "25096990"]
[BlackFideId "4177738"]
[EventDate "2017.08.14"]

1. e4 e6 2. Nf3 d5 3. Nc3 dxe4 4. Nxe4 Nd7 5. d4 Ngf6 6. Nxf6+ Nxf6 7. Bd3 c5 8.
O-O cxd4 9. Nxd4 Be7 10. c3 O-O 11. Qe2 Qc7 12. Bg5 Re8 13. Rfe1 Bd7 14. Rad1
Rad8 15. Bc2 Qa5 16. Bxf6 Bxf6 17. Qe4 g6 18. Qxb7 Bxd4 19. Rxd4 Bc8 20. Qe4
Rxd4 21. Qc6 1/2-1/2

[Event "24th Abu Dhabi Masters"]
[Site "Abu Dhabi UAE"]
[Date "2017.08.22"]
[Round "9.54"]
[White "Michelle Catherina, P"]
[Black "Priyanka, K"]
[Result "1-0"]
[WhiteTitle "WIM"]
[WhiteElo "2101"]
[BlackElo "2106"]
[WhiteFideId "5005736"]
[BlackFideId "5082986"]
[EventDate "2017.08.14"]

1. e4 d5 2. exd5 Qxd5 3. Nc3 Qa5 4. d4 Nf6 5. Nf3 Bf5 6. Bc4 c6 7. Bd2 e6 8. Nd5
Qd8 9. Nxf6+ gxf6 10. c3 Nd7 11. Qe2 Qc7 12. Nh4 Bg6 13. g3 O-O-O 14. O-O Bd6
15. b4 f5 16. a4 f4 17. b5 Nf6 18. bxc6 Qxc6 19. Bb5 Qe4 20. Qc4+ Kb8 21. a5 Rc8
22. Qa2 Qc2 23. Qxc2 Bxc2 24. Ra2 Be4 25. Rb2 Ka8 26. f3 Bd5 27. gxf4 Nh5 28.
Ng2 Rhg8 29. Kf2 Rg7 30. Ra1 Rcg8 31. Ne3 Nxf4 32. Bf1 a6 33. Rab1 Bc6 34. c4
Be7 35. Nf5 exf5 36. Bxf4 Bh4+ 37. Bg3 Bf6 38. Rd2 Bg5 39. f4 Be7 40. d5 Bc5+
41. Kf3 Bd7 42. Rdb2 Bc8 43. Re1 f6 44. Bh3 Re7 45. Rxe7 Bxe7 46. Bf2 Bd8 47.
Bb6 Kb8 48. Bxd8 Rxd8 49. Rb6 Rf8 50. Bf1 Kc7 51. Bd3 Bd7 52. c5 h5 53. Bc2 h4
54. Bd3 Rf7 55. Be2 Rf8 56. Kg2 Rg8+ 57. Kf2 Rf8 58. d6+ Kc8 59. Bf3 Bb5 60.
Rxb7 Rd8 61. Rf7 Rd7 62. Rxf6 Bd3 63. Rf8+ Rd8 64. Bb7+ Kxb7 65. Rxd8 Kc6 66.
Rc8+ Kd7 67. Rc7+ Kd8 68. Ke3 Bb5 69. Kd4 h3 70. c6 Ba4 71. Kc5 Bb5 72. Rh7 1-0

[Event "24th Abu Dhabi Masters"]
[Site "Abu Dhabi UAE"]
[Date "2017.08.22"]
[Round "9.55"]
[White "Saim, Mohamed Ilias"]
[Black "Bhagwat, Vinod"]
[Result "1-0"]
[WhiteTitle "FM"]
[BlackTitle "CM"]
[WhiteElo "2102"]
[BlackElo "2109"]
[WhiteFideId "7900465"]
[BlackFideId "5005949"]
[EventDate "2017.08.14"]

1. e4 c6 2. d4 d5 3. f3 e6 4. Nc3 Bb4 5. a3 Bxc3+ 6. bxc3 dxe4 7. Bf4 exf3 8.
Nxf3 Nf6 9. Bd3 c5 10. O-O Nd5 11. Bd2 Nd7 12. Kh1 Qc7 13. Ng5 N7f6 14. c4 Ne7
15. Bf4 Qd8 16. Be5 Nc6 17. c3 h6 18. Nxf7 Kxf7 19. Qh5+ Ke7 20. Qg6 Qf8 21.
Rad1 Bd7 22. Bc2 Re8 23. Qg3 Kd8 24. Bg6 Kc8 25. Bd6 Re7 26. d5 exd5 27. cxd5
Nd8 28. Bxc5 Nf7 29. Bxf7 Qxf7 30. Bxa7 Kd8 31. Bb6+ 1-0

[Event "24th Abu Dhabi Masters"]
[Site "Abu Dhabi UAE"]
[Date "2017.08.22"]
[Round "9.56"]
[White "Llano Olabarrieta, Joseba"]
[Black "Kavinda, Akila"]
[Result "1/2-1/2"]
[WhiteElo "2135"]
[BlackElo "2124"]
[WhiteFideId "32018240"]
[BlackFideId "9901302"]
[EventDate "2017.08.14"]

1. e4 g6 2. d4 Bg7 3. Nc3 d6 4. Be3 a6 5. h4 Nf6 6. f3 b5 7. Qd2 h5 8. Nh3 Bxh3
9. Rxh3 Nbd7 10. O-O-O c6 11. Kb1 Nb6 12. Bd3 b4 13. Ne2 Rb8 14. Nf4 Na4 15. Ne2
Qa5 16. b3 Nc3+ 17. Nxc3 bxc3 18. Qe1 Nd7 19. f4 Nb6 20. Bf1 O-O 21. Bc1 1/2-1/2

[Event "24th Abu Dhabi Masters"]
[Site "Abu Dhabi UAE"]
[Date "2017.08.22"]
[Round "9.57"]
[White "Armstrong, Malcolm J"]
[Black "Al-Zaabi, Sultan"]
[Result "0-1"]
[BlackTitle "CM"]
[WhiteElo "2109"]
[BlackElo "1747"]
[WhiteFideId "409049"]
[BlackFideId "9307583"]
[EventDate "2017.08.14"]

1. d4 d5 2. Nf3 Nf6 3. c4 c6 4. e3 e6 5. Qc2 Bd6 6. b3 O-O 7. Bb2 Nbd7 8. Nbd2
Re8 9. Bd3 Qe7 10. Ne5 Nf8 11. O-O N6d7 12. Rfe1 f6 13. Nxd7 Bxd7 14. e4 Qf7 15.
Nf3 dxe4 16. Bxe4 Qh5 17. Rad1 Ng6 18. Bxg6 hxg6 19. Bc3 Kf7 20. Ne5+ Bxe5 21.
dxe5 Rad8 22. Rd3 Bc8 23. Qd2 Qh8 24. Rd1 Rxd3 25. Qxd3 Qf8 26. Qd4 a6 27. exf6
e5 28. fxg7 Qxg7 29. Qe3 Qf6 30. c5 Qf4 31. Re1 Bf5 32. Bxe5 Qxe3 33. Rxe3 Bb1
34. a3 Ba2 35. f4 Rd8 36. Bd6 Re8 37. Rd3 Bb1 38. Rh3 Rg8 39. Kf2 g5 40. fxg5
Rxg5 41. Re3 Kg8 42. Rg3 Rxg3 43. Kxg3 Be4 44. Kf2 Kf7 45. g4 Kf6 46. h4 Bd5 47.
b4 Be4 48. Ke3 Bc2 49. Kf4 Bb3 50. h5 Be6 51. g5+ Kg7 52. Be7 Bd5 53. Ke5 Bf3
54. h6+ Kh7 55. Kd6 Be2 56. Kc7 Bb5 57. Kxb7 Kg6 58. Kb6 Kh7 59. Ka5 Kg6 60. a4 0-1